000
00261nam a2200109Ia 4500
008
220204s9999 xx 000 0 und d
082
_a
7.046(540)
_b
ION
100
_a
Ions, Veronica
245
0
_a
Indian mythology
260
_a
England
_b
Newnes
_c
1967
942
_c
BK
999
_c
38220
_d
38220